Arte y vida : Laocoonte /

Gotthold Ephraim Lessing (Kamenz, 1729 – Braunschweig, 1781), escritor y filósofo reconocido como un gran renovador de la literatura alemana y recordado en especial por Nathan el sabio (1779), apología de la tolerancia religiosa que es considerada el primer drama ideológico de la historia. Sara Samp...

ver descrição completa

Na minha lista:
Detalhes bibliográficos
Autor principal: Lessing, Gotthold Ephraim (autor)
Formato: Livro
Idioma:espanhol
Colecção:(Nueva Biblioteca Filosófica Tor ; 53)
Assuntos:
Tags: Adicionar Tag
Sem tags, seja o primeiro a adicionar uma tag!

MARC

LEADER 00000nam^a2200000^a^4500
001 000301703
005 20250521000000.0
009 20260310112551.291
025 |a Donación Robles Martínez, 1 ejemplar 
037 |a Acervo ITESO - Biblioteca 
041 |a ESP 
082 |a 701. 17  |b LES 
100 |a Lessing, Gotthold Ephraim  |e (autor) 
240 1 1 |a [Laocoonte o sobre los límites de la pintura y la poesía] 
245 1 0 |a Arte y vida :  |b Laocoonte /  |c G.E. Lessing ; tr. por A. Conca. 
264 |a Buenos Aires, Argentina :  |b Tor,  |c fecha no identificada 
300 |a 158 p. 
336 |a texto  |b txt  |2 rdacontenido 
337 |a sin mediación  |b n  |2 rdamedio 
338 |a volumen  |b nc  |2 rdasoporte 
440 1 |a (Nueva Biblioteca Filosófica Tor ;  |v 53) 
500 |a Traducción de: Laokoon oder Über die Grenzen der Malerei und Poesie 
520 |a Gotthold Ephraim Lessing (Kamenz, 1729 – Braunschweig, 1781), escritor y filósofo reconocido como un gran renovador de la literatura alemana y recordado en especial por Nathan el sabio (1779), apología de la tolerancia religiosa que es considerada el primer drama ideológico de la historia. Sara Sampson (1755) y Emilia Galotti (1772), obras pioneras de la tragedia burguesa alemana; Philotas (1759) y la exitosa comedia Minna de Barnhelm o La felicidad del soldado (1763) también destacan entre las creaciones dramáticas de su madurez. Autor de una extensa obra ensayística, fue uno de los críticos más respetados y temidos de su época: muestra de ello son sus detallados análisis de las representaciones del Teatro Nacional de Hamburgo que publicó en su revista Dramaturgia de Hamburgo (1767-69) y que figuran a su vez como ejemplos en los que desarrolla los principios de estética expuestos en su tratado Laocoonte o sobre los límites de la pintura y la poesía (1766). Dedicó, empero, la mayor parte de su quehacer filosófico a los problemas religiosos, del que surgen títulos como Anti-Goeze (1778), polémica contra el pastor protestante Johann Melchior Goeze (1717-86); La educación del género humano (1780), ensayo en el que presenta sus ideas pedagógicas y teológicas, y Ernst y Falk: diálogos para francmasones (1780). Los tres forman parte de una amplia selección de sus Escritos filosóficos y teológicos, editada y traducida al español por el filósofo valenciano Agustín Andreu Rodrigo. La figura más relevante de la Ilustración alemana en el ámbito literario, el prolífico Lessing tuvo entre sus principales admiradores a Johann Wolfgang Goethe y ejerció una gran influencia en el esplendor romántico de las letras alemanas. 
649 |a XX 
650 |a Ensayos Alemanes 
650 |a Filosofía y Literatura 
650 |a Literatura Alemana -  |y Siglo XVIII 
650 |a Escultura Griega Helenística -  |x Historia y Crítica 
650 |a Escultura Clásica -  |x Historia y Crítica 
650 |a Arte Griego Helenístico -  |x Historia y Crítica 
650 |a Arte Clásico -  |x Historia y Crítica 
650 |a Estética -  |x Tema Principal 
650 |a Ilustración (Filosofía) -  |z Alemania 
650 |a Filosofía Moderna -  |z Alemania 
650 |a Filosofía Alemana 
910 |a Fondo Robles Martínez 
920 |a Impresos - Libros 
930 |a Fondos Especiales 
905 |a 123 
901 |a 0500187529  |b IT2  |c ESP  |i D  |u 20250521 
902 |a https://opac.biblio.iteso.mx/vufind/Record/000301703